000
00290nam a22001337a 4500
008
170627b xxu||||| |||| 00| 0 eng d
020
_a
2900205739980
041
_a
eng
080
_2
7TH
_a
05
100
_a
21
101
_a
GJL
245
_a
THE LONGMAN WRITER
_c
NADELL,J
942
_2
udc
_c
BK
999
_c
19218
_d
19218